Word Ladder: Gimme a 'Hand' Quiz Stats

 Plays Quiz Updated Aug 13, 2017

Support Sporcle.
Go Orange.
Score 0/90 Timer 12:00
1 Play Today
Clue 4-Letter Word % Correct
Large plant with a trunkTREE
92.1%
HAND ____: agent for cleaning handsSOAP
89.2%
____HAND: done without mechanical aidsFREE
88.5%
Hollywood Walk of Fame symbolSTAR
88.5%
Enclosure for hensCOOP
87.2%
Savoury liquid dishSOUP
87%
HAND____: crafted by handMADE
86.7%
Illegal overthrow of a state from withinCOUP
86.2%
A ship's cargo area; wait on the phoneHOLD
86.1%
Journey; stumbleTRIP
86.1%
HAND ____: djembe or bongo, e.g.DRUM
85.6%
Mall direction: 'You Are ____'HERE
85.4%
IdenticalSAME
85.4%
Flat board for carrying thingsTRAY
85.3%
Sound of a wooden shoeCLOP
85.3%
Keep from escapingTRAP
85.2%
Pizzeria applianceOVEN
84.4%
HAND____: gesture to indicate approvalCLAP
84.3%
HAND____: a tablet or notebook, e.g.HELD
84%
HAND____: Olympic sport since 1936BALL
83.8%
Quick kiss; eat like a birdPECK
83.6%
Rise quicklySOAR
83.5%
HAND____: a grasping with the handGRIP
83.2%
Adult male deerSTAG
83.1%
Do a sheepdog's workHERD
82.8%
Opening on a golf courseHOLE
82.6%
Parker of the TV show 'South Park'TREY
82.6%
Viral disease of the immune systemAIDS
82.5%
Does basic arithmeticADDS
82.4%
HAND ____: communication by handSIGN
82.4%
Clue 4-Letter Word % Correct
Item of office furnitureDESK
82.2%
____HAND: hindward-pointed tennis shotBACK
82.2%
Betting ratioODDS
81.8%
Members of a playCAST
81.7%
Group with a common ancestorCLAN
81.7%
HAND____: having a pleasing appearanceSOME
81.5%
____HAND: frontward-pointed tennis shotFORE
81.4%
Item on an actor's résuméROLE
81.3%
In a little whileSOON
81.2%
____HAND: manual duties-performing sailorDECK
81%
Commuting costFARE
80.7%
Taboo meat, to somePORK
80.7%
Feeling the effects of a workoutSORE
80.6%
Heave or utter a moanSIGH
80.6%
Hitchhiker's hopeRIDE
80.2%
Mortal enemies of the JediSITH
80.2%
Not looking goodGRIM
80.1%
Night precederDUSK
80%
Like only one prime numberEVEN
80%
Web locationSITE
79.8%
Lyric poemsODES
79.8%
HAND____: synonym for a manualBOOK
79.8%
HAND____: conic type of sushiROLL
79.6%
Go separate waysPART
79.5%
HAND____: wagon drawn or pushed by handCART
79.5%
Employment enticementPERK
79.2%
Do some cleaningDUST
79.2%
____HAND: agricultural laborerFARM
79.1%
'Almighty' role for Steve CarellEVAN
78.8%
Penalized move for a pitcherBALK
78.8%
Clue 4-Letter Word % Correct
Herb with a lot of wisdom?SAGE
78.5%
HAND ____: to yield control ofOVER
78.5%
Cotton seed capsuleBOLL
78%
Lose, in a Vegas game; sculptured headBUST
76.6%
With a comfortable temperatureWARM
76.5%
Customary observance or practiceRITE
76.3%
HAND____: manually performed choreWORK
76.2%
UnburdensRIDS
76.1%
Upper rim of a cupBRIM
76.1%
Spell casterMAGE
75.4%
Vigorous spirit or enthusiasmÉLAN
75.1%
Pfizer creationDRUG
74.7%
Strong lager of German originBOCK
74.6%
Timely benefit or blessingBOON
74.5%
Move with a mouse; a really dull timeDRAG
74.2%
Priory in 'The Da Vinci Code'SION
73.9%
Nickname of Birmingham, UKBRUM
73.6%
One might get hookedWORM
73.1%
Cordage fiberBAST
72.7%
River between Poland and GermanyODER
72.4%
Steel mill wasteSLAG
70.9%
HAND____: lockable metal ring for the wristCUFF
69.5%
Breathe in short gaspsPUFF
68.1%
What a hot dog might doPANT
66.8%
All fear the 'Stay ____ Marshmallow Man'PUFT
63.2%
National standardFLAG
61.6%
Long high kickPUNT
60.9%
Without additions or modificationsMERE
60.6%
What a grenade commonly doesFRAG
60.5%
Ancient native of PersiaMEDE
59.9%

Today's Daily Dose

You're not logged in!

Compare scores with friends on all Sporcle quizzes.
OR
Log In
Forgot?

From the Vault

'W' Celebrity Images

by sproutcm

Well, what do we have here?
Remove Ads.
Support Sporcle.
Get the best of Sporcle when you Go Orange. This ad-free experience offers more features, more stats, and more fun while also helping to support Sporcle. Thank you for becoming a member.

Show Comments

Extras

Top Quizzes Today


Score Distribution

Your Account Isn't Verified!

In order to create a playlist on Sporcle, you need to verify the email address you used during registration. Go to your Sporcle Settings to finish the process.

Report this User

Report this user for behavior that violates our Community Guidelines.

Details: